A must Japanese for tourist : Spoken language of daily life

Сохранить в:
Библиографические подробности
Главный автор: Takahashi, Morio
Формат:
Язык:Undetermined
Опубликовано: Tokyo Taiseido Shobo 1959
Предметы:
Метки: Добавить метку
Нет меток, Требуется 1-ая метка записи!
Thư viện lưu trữ: Trung tâm Học liệu Trường Đại học Cần Thơ
LEADER 00538nam a2200193Ia 4500
001 CTU_104714
008 210402s9999 xx 000 0 und d
082 |a 413 
082 |b T136 
100 |a Takahashi, Morio 
245 2 |a A must Japanese for tourist : 
245 0 |b Spoken language of daily life 
245 0 |c Morio Takahashi 
260 |a Tokyo 
260 |b Taiseido Shobo 
260 |c 1959 
650 |a Japanese for tourists,Japanese language 
904 |i Nguyên 
980 |a Trung tâm Học liệu Trường Đại học Cần Thơ